| 000 | 00333nam a2200133Ia 4500 | ||
|---|---|---|---|
| 005 | 20251222141935.0 | ||
| 008 | 251222s9999||||xx |||||||||||||| ||spa|| | ||
| 020 | _a88-211-6290-7 | ||
| 082 | _a848.33/M84 | ||
| 100 | _aMontaigne, Michael de | ||
| 245 | 0 | _aDei Libri dell'Amicicizia dell'Esperienza | |
| 264 | _bMarietti | ||
| 942 | _cLIB | ||
| 999 |
_c9150 _d9150 |
||